Applied numerical analysis /
Numerical computing and computers. Solving nonlinear equations. Solving sets of equations. Interpolation and curve fitting. Approximation of functions. Numerical differentiation and numerical integration. Numerical solution of ordinary differential equations...
Αποθηκεύτηκε σε:
| Κύριος συγγραφέας: | |
|---|---|
| Άλλοι συγγραφείς: | |
| Μορφή: | Βιβλίο |
| Γλώσσα: | English |
| Έκδοση: |
Reading MA :
Addison-Wesley,
1999.
|
| Έκδοση: | 6th ed. |
| Θέματα: | |
| Ετικέτες: |
Προσθήκη ετικέτας
Δεν υπάρχουν, Καταχωρήστε ετικέτα πρώτοι!
|
| Thư viện lưu trữ: | Mạng thư viện Đại học Đà Nẵng |
|---|
| LEADER | 01167cam a2200349 i 4500 | ||
|---|---|---|---|
| 001 | 000048211 | ||
| 003 | 7917 | ||
| 005 | 20030327152932.0 | ||
| 008 | 010324|1999 vm 000 eng | ||
| 020 | |a 020187072X | ||
| 040 | |a IRC |c IRC |d IRC | ||
| 041 | 0 | |a eng | |
| 082 | 1 | 4 | |a 519.4 |b GE-C |
| 100 | 1 | |a Gerald, Curtis F. | |
| 245 | 0 | 0 | |a Applied numerical analysis / |c Curtis F. Gerald, Patrick O. Wheatley. |
| 250 | |a 6th ed. | ||
| 260 | |a Reading MA : |b Addison-Wesley, |c 1999. | ||
| 300 | |a 1 v. 698p. (various pagings) : |b ill. ; |c 24cm. | ||
| 520 | 3 | |a Numerical computing and computers. Solving nonlinear equations. Solving sets of equations. Interpolation and curve fitting. Approximation of functions. Numerical differentiation and numerical integration. Numerical solution of ordinary differential equations... | |
| 630 | 0 | 4 | |a Numerical analysis. |
| 650 | 0 | 4 | |a Numerical analysis. |
| 700 | 1 | |a Wheatley, Patrick O. | |
| OWN | |a DUT | ||
| 999 | |a From the UDN01 | ||
| TYP | |a Monograph | ||
| TYP | |a Printed language | ||
| 980 | |a Mạng thư viện Đại học Đà Nẵng | ||


